[Event "28th WSCC2018 - Open 65+"]
[Site "Bled"]
[Date "2018.11.19"]
[Round "2.85"]
[White "Lie, Terje"]
[Black "Pressl, Harald"]
[Result "1-0"]
[WhiteElo "1534"]
[BlackElo "1892"]
[PlyCount "129"]
[EventDate "2018.11.18"]

1. d4 d6 2. c4 Nf6 3. Nc3 Nbd7 4. Nf3 e5 5. Bg5 Be7 6. e3 e4 7. Nd2 h6 8. Bh4
d5 9. Be2 c6 10. O-O O-O 11. Qc2 Re8 12. cxd5 Nxd5 13. Bxe7 Qxe7 14. Ncxe4 Nf8
15. Rac1 Bf5 16. Bf3 Nd7 17. a3 Kh8 18. Qd1 N7f6 19. Nxf6 Nxf6 20. b4 a5 21.
Qb3 Be6 22. Qb2 axb4 23. axb4 Ra2 24. Qc3 Rea8 25. Nc4 R8a4 26. Rb1 Bf5 27. Ne5
Bxb1 28. Rxb1 Nd7 29. Nxd7 Qxd7 30. h3 Qf5 31. Rc1 R4a3 32. Qc5 Qxc5 33. bxc5
Ra1 34. Rxa1 Rxa1+ 35. Kh2 Rc1 36. Kg3 Kg8 37. Bg4 Kf8 38. Bc8 Rb1 39. Kf3 Ke7
40. g4 b5 41. cxb6 Rxb6 42. h4 Rb2 43. h5 Kd6 44. Kg3 Rb3 45. Kf4 Rb4 46. Kf3
c5 47. dxc5+ Kxc5 48. Bf5 Kd5 49. Bd3 Rb3 50. Bh7 Ke5 51. Bf5 Ra3 52. Kg3 Rc3
53. f4+ Kf6 54. Kf3 g6 55. hxg6 fxg6 56. Bd7 Ra3 57. Ke4 Ra1 58. Be8 Ra7 59.
Kf3 Ra3 60. Ke4 Ra1 61. Bd7 Ra2 62. Bc8 Rd2 63. Kf3 Rc2 64. Bd7 Rc3 65. Ke4 1-0

[Event "28th WSCC2018 - Open 65+"]
[Site "Bled"]
[Date "2018.11.19"]
[Round "2.86"]
[White "Mckerracher, Douglas"]
[Black "Vlajkov, Milenko"]
[Result "0-1"]
[WhiteElo "1878"]
[BlackElo "1530"]
[PlyCount "110"]
[EventDate "2018.11.18"]

1. e4 e5 2. Nf3 Nc6 3. Bb5 Bc5 4. O-O d6 5. c3 a6 6. Bxc6+ bxc6 7. h3 Nf6 8. d4
exd4 9. cxd4 Bb6 10. Nc3 h6 11. Re1 O-O 12. Be3 Re8 13. Qc2 Bb7 14. Rad1 d5 15.
e5 Nh7 16. Ne2 Nf8 17. Ng3 Re6 18. Nh5 Ng6 19. Nf4 Nxf4 20. Bxf4 Qe7 21. Be3
Rf8 22. a3 f5 23. exf6 Qxf6 24. Ne5 Rd8 25. Rc1 Red6 26. Nf3 Bc8 27. Ne5 Bb7
28. Qe2 Re6 29. Qf3 Qxf3 30. Nxf3 Ba7 31. Red1 Rde8 32. Rc2 Rf8 33. Rdc1 Ba8
34. Kf1 g5 35. Ne5 c5 36. Nd7 Rf7 37. Nxc5 Rxe3 38. Nxa6 Bxd4 39. Rxc7 Rf8 40.
R7c2 Ba7 41. Nb4 Re7 42. Rd2 Ref7 43. Rcc2 d4 44. f3 h5 45. Nd3 g4 46. hxg4
hxg4 47. f4 g3 48. Rc1 Be4 49. Kg1 Bxd3 50. Rxd3 Rxf4 51. Rxg3+ Kf7 52. Rc7+
Ke6 53. Rxa7 Rf1+ 54. Kh2 Rh8+ 55. Rh3 Rxh3+ 0-1

[Event "28th WSCC2018 - Open 65+"]
[Site "Bled"]
[Date "2018.11.19"]
[Round "2.87"]
[White "Barzilay, Marianne"]
[Black "Thjomoe, Hans Richard"]
[Result "0-1"]
[WhiteElo "1493"]
[BlackElo "1874"]
[PlyCount "100"]
[EventDate "2018.11.18"]

1. e4 e5 2. Nf3 Nc6 3. d4 exd4 4. Nxd4 Bc5 5. Nb3 Bb6 6. Bd3 d6 7. Nc3 Be6 8.
O-O Nf6 9. Bg5 h6 10. Bxf6 Qxf6 11. Nd5 Bxd5 12. exd5 Ne5 13. Bb5+ c6 14. dxc6
bxc6 15. Ba6 O-O 16. a4 Rad8 17. a5 Bc7 18. f4 Ng6 19. Qf3 d5 20. g3 Ne7 21. c3
Rb8 22. Nc5 Rfd8 23. b4 d4 24. Ne4 Qe6 25. f5 Qe5 26. f6 Nd5 27. Rae1 g6 28.
Bd3 dxc3 29. Qf2 Nxb4 30. Bc4 Qxa5 31. Kg2 Nd3 32. Qe3 Nxe1+ 33. Rxe1 Re8 34.
Qxh6 Rb2+ 35. Kh1 Rxh2+ 36. Qxh2 Re5 37. Bxf7+ Kxf7 38. Qh7+ Ke6 39. Qe7+ Kd5
40. Qd7+ Kc4 41. Qxc6+ Kb3 42. Qb7+ Bb6 43. Qf7+ Kb2 44. Qxg6 c2 45. Re2 Qa1+
46. Kg2 Qg1+ 47. Kf3 Qf1+ 48. Rf2 Bxf2 49. Nxf2 Qe2+ 50. Kf4 c1=Q# 0-1

[Event "28th WSCC2018 - Open 65+"]
[Site "Bled"]
[Date "2018.11.19"]
[Round "2.88"]
[White "Baumgarten, Werner"]
[Black "Dvorsky, David"]
[Result "1/2-1/2"]
[WhiteElo "1872"]
[BlackElo "1345"]
[Annotator "uporabnik"]
[PlyCount "120"]
[EventDate "2018.11.18"]

1. c4 e5 2. Nc3 Nf6 3. e4 Nc6 4. d3 Bc5 5. h3 h5 6. Nf3 d6 7. Bg5 Be6 8. a3 Bd4
9. Rc1 a5 10. Qa4 Qd7 11. b4 Bxc3+ 12. Rxc3 Nd4 13. Qxd7+ Nxd7 14. Nxd4 exd4
15. Rc1 axb4 16. axb4 f6 17. Bd2 f5 18. Be2 Ra2 19. Bf4 b6 20. Bf3 Ne5 21. Bxe5
dxe5 22. O-O f4 23. c5 Kd7 24. cxb6 cxb6 25. Ra1 Rha8 26. Rxa2 Rxa2 27. Bxh5
Rd2 28. Ra1 Rxd3 29. Ra7+ Kd6 30. Be8 f3 31. Rb7 Rd1+ 32. Kh2 fxg2 33. Kxg2 Rd3
34. f3 g5 35. Rxb6+ Ke7 36. Ba4 Ra3 37. Rb7+ Kf6 38. Ra7 d3 39. Kf2 Bxh3 40. b5
Ra2+ 41. Ke1 Rb2 42. Rh7 Bg2 43. Bd1 Rxb5 44. Rd7 g4 45. Rxd3 Rb1 46. Kf2 gxf3
47. Bxf3 Rb2+ 48. Kg3 Bxf3 49. Kxf3 Ke6 50. Ra3 Rd2 51. Rb3 Rd1 52. Ra3 Rf1+
53. Ke3 Rh1 54. Ra6+ Kf7 55. Rb6 Rf1 56. Ra6 Rf6 57. Ra5 Re6 58. Rb5 Kg6 59.
Rb1 Kg5 60. Rg1+ Kh4 {...72} 1/2-1/2